Paroles - Kill Nico, Indochine - Statistiques

Statistiques générales
  • Ce quiz a été pris 11 fois
  • Le résultat moyen est 102 sur 149
Statistiques - réponses
Paroles % Correct
n'
100%
à
90%
A
90%
a
90%
ai
90%
Comme
90%
D'
90%
En
90%
en
90%
J'
90%
j'
90%
Je
90%
l'
90%
pas
90%
un
90%
au
80%
dans
80%
de
80%
des
80%
il
80%
la
80%
le
80%
m'
80%
me
80%
qu'
80%
arriverai
70%
jours
70%
malheurs
70%
meilleurs
70%
moi
70%
nuit
70%
On
70%
peau
70%
peur
70%
que
70%
qui
70%
reste
70%
chanteur
60%
cheval
60%
chevaucher
60%
cible
60%
cowboy
60%
étais
60%
fait
60%
fallait
60%
garçon
60%
horizon
60%
Kill
60%
là-bas
60%
mais
60%
ne
60%
nous
60%
savais
60%
seul
60%
Sur
60%
vers
60%
veut
60%
abandonne
50%
aller
50%
cause
50%
derrière
50%
éclaircie
50%
éclaireur
50%
été
50%
haut
50%
juste
50%
oubli
50%
quel
50%
Souviens-toi
50%
toi
50%
Toi
50%
Tombé
50%
tuer
50%
why
50%
vie
40%
Lalalala
30%
lalalala
30%
Aucun quiz correspondant
Distribution des résultats
% des personnes avec chaque résultat
Percentile par nombre de réponses
Votre historique - résultats
Vous n’avez pas pris ce quiz